| 000 | 0243022 a220046900 4500 | ||
|---|---|---|---|
| 001 | 768714001 | ||
| 003 | O-MdFUSB | ||
| 005 | 20190513143802.0 | ||
| 006 | m o d | | ||
| 007 | cr cnu|||||||| | ||
| 008 | 190425s2018 xx o ||||0 spa d | ||
| 020 |
_a9788490733899 _q(electronic bk.) |
||
| 020 | _z9788490733646 | ||
| 040 |
_aMiAaPQ _beng _erda _epn _cCO-MdFUSB _dMiAaPQ |
||
| 082 | 0 | _a229.1 | |
| 100 | 1 | _aAbadie, Philippe. | |
| 245 | 1 | 4 |
_aLos cuatro libros de Esdras. _c/ Philippe Abadie. |
| 264 | 1 |
_aNavarra : _bEditorial Verbo Divino, _c2018. |
|
| 264 | 4 | _c©2018. | |
| 300 | _a1 Recurso en linea (60 páginas) | ||
| 490 | _aCuaderno Bíblico ; 180 | ||
| 336 |
_atexto _btxt _2rdacontent |
||
| 337 |
_ainformatico _bc _2rdamedia |
||
| 338 |
_remoto _bcr _2rdacarrier |
||
| 505 | 0 | _aIntro -- Portada -- Prólogo -- Portadilla -- Explicación preliminar -- I - Los libros de Esdras y de Nehemías -- Introducción -- La construcción del retorno del exilio (Esd 1-6) -- El sacerdote-escriba Esdras(Esd 7-10) -- Las luchas de un gobernador (Neh 1-13) -- II - 3 Esdras -- Introducción -- Después de Josías... -- III - 4 Esdras -- Introducción -- El Apocalipsis de Esdras(4 Esd 3-14) -- Las relecturas cristianas -- Para saber más -- Lista de recuadros -- Créditos. | |
| 516 | _atexto electrónico | ||
| 538 | _aAcceso a Internet; requiere usuario y clave asignada por la biblioteca. | ||
| 588 | _aUna descripción basada en metadatos suministrados por el editor y otras fuentes. | ||
| 590 | _aReproducción electrónica. Ann Arbor, Michigan : ProQuest Ebook Central, 2019. Acceso a través de la World Wide Web. El acceso puede estar limitado por:ProQuest Ebook Central affiliated libraries. | ||
| 650 | 0 | _aBible.;--Esdras, 2nd III-XIV--Criticism, interpretation, etc.;Religión.,. | |
| 655 | 4 | _aLibro electrónico. | |
| 700 | 1 | _aMartin de Viviès, Pierre de. | |
| 776 | 0 | 8 |
_iVersión impresa: _aAbadie, Philippe _tLos cuatro libros de Esdras. Cuaderno Bíblico 180 _dNavarra : Editorial Verbo Divino,c2018 _z9788490733646 |
| 797 | 2 | _aProQuest (Firm) | |
| 856 | 4 | 0 |
_uhttps://ebookcentral.proquest.com/lib/unisbcsp/detail.action?docID=5349939 _zAbrir versión electrónica del libro Aquí |
| 999 |
_c65042 _d65042 |
||